000 00410 a2200145 4500
005 20250626140812.0
020 _a978-0-19-912984-3
082 _a150 CAR
100 _aCARDWELL, M
245 _aPsychology A2: The Complete Companion Student Book
260 _aOxford
_bOxford University Press
_c2012.
300 _a343p.: ill.; figures, pictures
_bReferences
_c28cm
700 _aCara Flanagan
942 _2ddc
_cBKS
999 _c5383
_d5383